00729nam a2200217 i 450000100060000000300090000600500170001500700030003200800410003508000210007610000360009724501380013326000420027130000220031349000300033570000240036570000340038974000280042383000270045185200330047814700ES-MaACL20250927121604.0t|990525s1963 fr ||||1| fre d a821.133.1-31"18"1 aBalzac, Honoré de,d1799-185013aLa duchesse de Langeais suivi de La fille aux yeux d'or / cBalzac ; préface de Philippe Hériat ; texte établi par M. Bouteron. aParis : bLe Livre de Poche, c[1963] a242 p. ; c17 cm.1 aLe Livre de poche ; v3561 aHériat, Philippe.1 aBouteron, Marcel, d1877-19623 aLa fille aux yeux d'or.03aLe livre de pochev356 aES-MaACLjL-21859 bR.113621